|
|
|
|
| LEADER |
02206nam a2200409 a 4500 |
| 001 |
13735571 |
| 003 |
BD-DhAAL |
| 008 |
090729r2006 paua b 001 0 eng d |
| 999 |
|
|
|c 2977
|d 2977
|
| 010 |
|
|
|a 2004051421
|
| 020 |
|
|
|a 9780721602400
|
| 020 |
|
|
|a 0721602401
|
| 020 |
|
|
|a 9788181479204
|
| 020 |
|
|
|a 8181479203
|
| 040 |
|
|
|a DNLM/DLC
|c DLC
|d DLC
|d BD-DhAAL
|
| 082 |
0 |
0 |
|a 612
|2 22
|
| 100 |
1 |
|
|a Guyton, Arthur C.
|9 44084
|
| 245 |
1 |
0 |
|a Textbook of medical physiology /
|c Arthur C. Guyton, John E. Hall.
|
| 246 |
3 |
0 |
|a Medical physiology
|
| 250 |
|
|
|a Eleventh edition
|
| 260 |
|
|
|a Philadelphia :
|b Elsevier Saunders,
|c c2006.[Reprinted]
|
| 300 |
|
|
|a xxxv, 1116 pages :
|b color illustrations ;
|c 29 cm.
|
| 504 |
|
|
|a Includes bibliographical references and index.
|
| 541 |
1 |
|
|e 00018925
|
| 650 |
|
0 |
|a Human physiology.
|9 44085
|
| 650 |
|
0 |
|a Physiology, Pathological.
|9 44086
|
| 650 |
1 |
2 |
|a Physiological Processes.
|9 44087
|
| 650 |
1 |
2 |
|a Pharmacy.
|9 44088
|
| 700 |
1 |
|
|a Hall, John E.
|q (John Edward),
|d 1946-
|9 44089
|
| 852 |
4 |
|
|a Ayesha Abed Library
|j General shelf
|
| 942 |
0 |
0 |
|0 1
|2 ddc
|c BK
|
| 952 |
|
|
|0 0
|1 0
|2 ddc
|4 0
|6 612_000000000000000_GUY_2006
|7 0
|9 2692
|a BRACUL
|b BRACUL
|c GEN
|d 2009-08-18
|g 1400.00
|l 35
|m 313
|o 612 GUY
|p 3010018925
|q 2026-06-02
|r 2026-01-09
|s 2026-01-09
|t 1
|w 2009-08-18
|y BK
|
| 952 |
|
|
|0 0
|1 0
|2 ddc
|4 0
|6 612_GUY_200600000000000
|7 0
|9 10004
|a BRACUL
|b BRACUL
|c GEN
|d 2010-05-10
|l 38
|m 213
|o 612 GUY
|p 3010016271
|r 2025-03-12
|s 2025-02-23
|t 7
|w 2010-05-10
|y BK
|
| 952 |
|
|
|0 0
|1 0
|2 ddc
|4 0
|6 612_000000000000000_GUY_2006
|7 0
|9 10005
|a BRACUL
|b BRACUL
|c GEN
|d 2010-05-10
|l 33
|m 288
|o 612 GUY
|p 3010016270
|r 2025-02-27
|s 2025-02-18
|t 6
|w 2010-05-10
|y BK
|
| 952 |
|
|
|0 0
|1 0
|2 ddc
|4 0
|6 612_000000000000000_GUY_2006
|7 0
|9 10100
|a PHR
|b PHR
|c GEN
|d 2010-05-12
|l 21
|m 155
|o 612 GUY
|p 3010018926
|r 2017-02-23
|s 2017-01-24
|t 2
|w 2010-05-12
|y BK
|
| 952 |
|
|
|0 0
|1 0
|2 ddc
|4 0
|6 612_000000000000000_GUY_2006
|7 0
|9 10101
|a BRACUL
|b BRACUL
|c GEN
|d 2010-05-12
|l 34
|m 280
|o 612 GUY
|p 3010018927
|r 2025-10-09
|s 2023-01-24
|t 3
|w 2010-05-12
|y BK
|
| 952 |
|
|
|0 0
|1 0
|2 ddc
|4 1
|6 612_000000000000000_GUY
|7 0
|9 10102
|a BRACUL
|b BRACUL
|c SPS
|d 2010-05-12
|g 1399.00
|l 22
|m 175
|o 612 GUY
|p 3010018928
|r 2018-09-03
|s 2017-09-24
|t 4
|w 2010-05-12
|y BK
|x Photocopy Book. Declared as Damaged on December 10, 2023
|